000 00969nam a22003017a 4500
001 5477
003 FISKH
005 20250826145522.0
008 241210b cb ||||| |||| 00| 0 eng d
020 _a9780545493390
040 _aFISKH
_beng
_cFISKH
_dFISKH
050 _aT173.K45
082 _a600
100 _aKent, Peter
245 _aTechnology /
_cby Peter Kent
260 _aNew York :
_bScholastic ;
_c2009.
300 _a48 pages :
_bcolor illustrations ;
_c26 cm .
490 _aNavigators
505 _aZ
520 _aDescribes the latest innovations in technology, including the fields of transportation, aeronautics, energy resources, graphic arts, and even roller coaster engineering.
521 8 _a1010
_bLexile estimate
521 8 _aZ
_bRaz-Plus
650 _areference
_vNon-fiction
650 _auniverse/solar system
_vNon-fiction
700 _aQuigley, Sebastian
_eillustrator
942 _2ddc
_cBK
_n0
999 _c5477
_d5477